The Chemical Connection
Guardado en:
| Formato: | Texto |
|---|---|
| Publicado: |
s.l.:
s.e.
|
| Etiquetas: |
Agregar Etiqueta
Sin Etiquetas, Sea el primero en etiquetar este registro!
|
MARC
| LEADER | 00000 a a2200000 04500 | ||
|---|---|---|---|
| 001 | 23993 | ||
| 003 | |||
| 040 | |||
| 090 | |a 170200 | ||
| 245 | |a The Chemical Connection | ||
| 260 | |a s.l.: |b s.e. | ||
| 300 | |a pp. 44-45 | ||
| 999 | |c 10209 |d 10209 | ||
